Landen die grenzen aan China - Statistieken

Algemene statistieken
  • Deze quiz is 143 keer genomen
  • De gemiddelde score is 12 van 14
Antwoordstatistieken
Lengte Land % Correct
4209 km Rusland
97%
4630 km Mongolië
96%
1389 km Nepal
93%
1352 km Noord-Korea
93%
4056 km India
92%
1297 km Vietnam
91%
505 km Laos
90%
596 km Pakistan
90%
1783 km Kazachstan
88%
2129 km Myanmar
86%
477 km Bhutan
85%
76 km Afghanistan
81%
1063 km Kirgizië
81%
477 km Tadzjikistan
81%
Geen overeenkomende quizzen gevonden
Scoreverdeling
Procent van Mensen met Elke Score
Percentiel versus Aantal Correcte Antwoorden
Uw Scoregeschiedenis
U heeft deze quiz nog niet genomen